00389nam a22000977a 4500008004100000082002000041110005300061245016000114260000800274300000900282230606b xxu||||| |||| 00| 0 eng d a354.676205bSID bKenya school of monetary studies, Nairobi, kenya aReport Of the National Conference on Equity & Growth bTowards a policy Agenda for KenyacMay 22-23, 2006hKenya school of monetary studies, Nairobi, kenya bSID a197p